Catálogo
 En Linea

Principios de economía política y tributación / (Registro nro. 25347)

Detalles MARC
000 -CABECERA
campo de control de longitud fija 01147nam a2200253 a 4500
001 - NÚMERO DE CONTROL
campo de control 000025855
005 - FECHA Y HORA DE LA ÚLTIMA TRANSACCIÓN
campo de control 20200930024112.0
008 - DATOS DE LONGITUD FIJA--INFORMACIÓN GENERAL
campo de control de longitud fija 110223s1973 mx r 000 0 spa d
040 ## - FUENTE DE LA CATALOGACIÓN
Centro catalogador/agencia de origen DO-SdBNP
Lengua de catalogación spa
Centro/agencia transcriptor BNPHU
041 17 - CÓDIGO DE LENGUA
Código de lengua del texto/banda sonora o título independiente spa
Código de lengua original eng
Fuente del código Código de idiomas MARC
082 ## - NÚMERO DE LA CLASIFICACIÓN DECIMAL DEWEY
Número de clasificación nn*
Número de documento/Ítem nn*
100 1# - ENTRADA PRINCIPAL--NOMBRE DE PERSONA
Nombre de persona Ricardo, David.
9 (RLIN) 52691
240 14 - TÍTULO UNIFORME
Título uniforme The works and correspondence of David Ricardo, vol. I: on the principles of political economy and taxation.
Lenguaje de la obra Español
245 10 - MENCIÓN DE TÍTULO
Título Principios de economía política y tributación /
Mención de responsabilidad, etc. David Ricardo ; traducción de Juan Broc B., Nelly Wolff y Julio Estrada M.
260 ## - PUBLICACIÓN, DISTRIBUCIÓN, ETC.
Lugar de publicación, distribución, etc. México, D. F. :
Nombre del editor, distribuidor, etc. Fondo de Cultura Económica,
Fecha de publicación, distribución, etc. 1973.
300 ## - DESCRIPCIÓN FÍSICA
Extensión v. ;
Dimensiones 21 cm.
500 ## - NOTA GENERAL
Nota general La biblioteca sólo posee el volumen 1.
500 ## - NOTA GENERAL
Nota general Incluye índice analítico.
534 ## - NOTA SOBRE LA VERSIÓN ORIGINAL
Encabezamiento principal del original Título original :
Mención de título del original The works and correspondence of David Ricardo, vol. I: on the principles of political economy and taxation
500 ## - NOTA GENERAL
Nota general Incluyes referencias bibliográficas y notas al pie de las páginas.
700 1# - PUNTO DE ACCESO ADICIONAL--NOMBRE DE PERSONA
Nombre de persona Broc B., Juan,
Término indicativo de función/relación tr.
9 (RLIN) 52692
700 1# - PUNTO DE ACCESO ADICIONAL--NOMBRE DE PERSONA
Nombre de persona Wolff, Nelly,
Término indicativo de función/relación tr.
9 (RLIN) 52693
700 1# - PUNTO DE ACCESO ADICIONAL--NOMBRE DE PERSONA
Nombre de persona Estrada M., Julio,
Término indicativo de función/relación tr.
9 (RLIN) 52694
Existencias
Estado de retiro Estado de pérdida Restricciones de uso No para préstamo Código de colección Localización permanente Ubicación/localización actual Ubicación en estantería Fecha de adquisición Número de inventario Total de préstamos Signatura topográfica completa Código de barras Fecha visto por última vez Precio válido a partir de Tipo de ítem Koha
        Monografías: Libros y Folletos General General En catalogación 23.02.2011 LF1   v. 1 25855-10 25.06.2020 25.06.2020 Préstamo en sala

Con tecnología Koha